| 000 | 00982nam a22002651 4500 | ||
|---|---|---|---|
| 001 | 140879 | ||
| 003 | ES-MaACL | ||
| 005 | 20230906200154.0 | ||
| 007 | t| | ||
| 008 | 070918s1963 sp ||||0| spa d | ||
| 016 | 7 | _zIND2000945500 | |
| 040 |
_aM-BN _bspa _cCDM |
||
| 080 | _a82-821"19" | ||
| 100 | 1 |
_aWilder, Thornton. _9116830 |
|
| 245 | 1 | 0 |
_aObras escogidas / _cThornton Wilder ; traducción del inglés y prólogo de María Martínez Sierra. |
| 260 |
_a[Madrid] : _bAguilar, _c[1963] |
||
| 300 |
_a974 p., 1 h. de lám., 2 h ; _c19 cm. |
||
| 490 | 1 | _aBiblioteca de autores modernos | |
| 505 | 8 | _aContiene: Prólogo -- Teatro: Nuestro pueblo ; Por un pelo ; La casamentera -- Novelas: El puente de San Luis Rey ; Los idus de marzo ; La mujer de Andros | |
| 700 | 1 |
_aMartínez Sierra, María, _d1874-1974 _978430 |
|
| 830 | 0 |
_aBiblioteca de autores modernos _9180767 |
|
| 852 |
_aES-MaACL _jA-7498 _bR.96422 |
||
| 999 |
_c140879 _d140879 |
||